| 000 | 01237naa a22003617a 4500 | ||
|---|---|---|---|
| 001 | BR8704606 | ||
| 003 | BR-BrBNA | ||
| 005 | 20240918175830.0 | ||
| 007 | ta | ||
| 008 | 230509b bl.||||| |||| 00| 0 por d | ||
| 040 |
_aBR-BrBNA _bpor _cBiblioteca Nacional de Agricultura |
||
| 041 | _a(Pt) | ||
| 072 |
_aL72 _b5212 _b5240 _b5250 _b4060 _bG514 |
||
| 090 | _aL72 BR8704606 | ||
| 100 | 1 | _aGirao, E.S. | |
| 100 | 1 | _aGirao, R.N. | |
| 100 | 1 | _aMedeiros, L.P. | |
| 100 | 1 | _aFigueiredo, P.Z. de | |
| 111 | 1 |
_a3. Seminario de Pesquisa Agropecuaria do Piaui _cTeresina, PI (Brazil) _d5-8 Oct 1982 |
|
| 245 | 1 | _aOcorrencia de helmintos gastrintestinais de ruminantes na microrregiao homogenea de Teresina | |
| 260 | 3 |
_aTeresina, PI (Brasil): _c1984. |
|
| 500 | _aAnais do 3. Seminario de Pesquisa Agropecuaria do Piaui Teresina, PI (Brasil): 1984. p. 267-275 (BR8704606-AM)L72 | ||
| 650 | _aBOVINO | ||
| 650 | _aOVINO | ||
| 650 | _aCAPRINO | ||
| 650 | _aHELMINTO | ||
| 650 | _aINFECCAO | ||
| 650 | _aINTESTINO | ||
| 650 | _aPIAUI | ||
| 773 | 0 |
_tAnais do 3. Seminario de Pesquisa Agropecuaria do Piaui _wL72 BR8704606 _gTeresina, PI (Brasil), 1984. p. 267-275 |
|
| 909 |
_a202404 _bLucia _c55 _dLucia Elande |
||
| 942 |
_cAM _2AGRIS |
||
| 999 |
_c318340 _d318340 |
||